| Registos Bibliográficos associados ao registo de autoridade |
|
Etiqueta de registo: 00254nam 2200109 450 001 1951492 003 http://id.bnportugal.gov.pt/bib/catbnp/1951492 100 ## $a20161222d2016 m d0pory01030103ba 101 0# $apor 102 ## $aPT 105 ## $aa z 000yy 106 ## $ar 200 1# $aMúsica em Matosinhos$eprogramação música clássica, 2016$fcolab. Fernanda Guedes, Tânia Teixeira 210 #9 $aMatosinhos$cCâmara Municipal de Matosinhos,$d2016 215 ## $a47, [1] p.$cil.$d21 cm 675 ## $a785(469.121)"2016"(083.97)$vBN$zpor$31668722 675 ## $a78A/Z"19/20"$vBN$zpor$31537925 702 #1 $aGuedes,$bFernanda$4205$31323259 702 #1 $93$aTeixeira,$bTânia$4205$31669502 801 #0 $aPT$bBN$gRPC 856 41 $uhttp://rnod.bnportugal.gov.pt/ImagesBN/winlibimg.aspx?skey=&doc=1951492&img=88074&save=true 900 ## $aBIBNAC$d20170119 966 ## $lBN$mMUSICA$sM. 2677 P.$x1
Etiqueta de registo: 00254nam 2200025 450 001 2194984 003 http://id.bnportugal.gov.pt/bib/catbnp/2194984 021 ## $aPT$b532340/24 100 ## $a20241105d2024 m d0pory01030103ba 101 0# $apor 102 ## $aPT 105 ## $aa z 000yy 106 ## $ar 200 1# $aMatosinhos$e o fogo dos bonecos$fJoel Cleto$gcoord. Clarisse Castro, Tânia Teixeira, Maria José Mesquita$gcolab. Cláudia Almeida, Cristina Pacheco$gfot. Francisco Teixeira, Guilhermina Morais, Arquivo Fotográfico Municipal 210 #9 $aMatosinhos$cCâmara Municipal de Matosinhos,$d2024 215 ## $a103, [1] p.$cil.$d25 cm 675 ## $a394.6(469.121)"18/20"$vBN$zpor$31936341 675 ## $a662.1(469.121)"18/20"$vBN$zpor$31936342 700 #1 $aCleto,$bJoel,$f1965-$3138579 702 #1 $93$aTeixeira,$bTânia$4340$31669502 702 #1 $95$aAlmeida,$fCláudia$4205$31870440 702 #1 $aTeixeira,$bFrancisco$4600$3144606 702 #1 $aMorais,$bGuilhermina$4600$31934508 702 #1 $aPacheco,$bCristina, $f1973-$4205$3950716 702 #1 $aMesquita,$bMaria José$4340$31869385 702 #1 $aCastro,$bClarisse$4340$31290129 801 #0 $aPT$bBN$gRPC 856 41 $uhttp://rnod.bnportugal.gov.pt/ImagesBN/winlibimg.aspx?skey=&doc=2194984&img=201095&save=true 900 ## $aBIBNAC$d20241128 966 ## $lBN$mFGMON$sS.C. 165459 V.$x1 966 ## $lBN$mFGMON$sS.C. 165459 V.-D$x1 971 ## $cjbeatriz$d20241105 972 ## $d20241128$e0$vlrevez$z0 973 ## $canasil$d20241121 975 ## $e0$d20241129$viraminhos
Etiqueta de registo: 00254nam 2200025 450 001 2281088 003 http://id.bnportugal.gov.pt/bib/catbnp/2281088 010 ## $a978-989-9245-10-5 021 ## $aPT$b557241/25 100 ## $a20260317d2025 m y0pory01030103ba 101 0# $apor 102 ## $aPT 105 ## $aa b 000yy 106 ## $ar 200 1# $aAgostinho Salgado - onde a luz demora$epintura, ofício e memória$fcoord. Clarisse Castro, Tânia Teixeira, Cláudia Almeida$gfot. Filipe Braga, António Venda Lopes 210 #9 $a[S.l.]$cMuseu Quinta de Santiago,$d2025 215 ## $a69, [3] p.$cil.$d24 cm 675 ## $a75Salgado, Agostinho(083.82)$vBN$zpor$31991958 675 ## $a75(=1:469)"19"(083.82)$vBN$zpor$31247875 675 ## $a74/75Salgado, Agostinho(042)$vBN$zpor$31991960 702 #1 $aSalgado,$bAgostinho,$f1905-1967$4040$3156786 702 #1 $aCastro,$bClarisse$4340$31290129 702 #1 $93$aTeixeira,$bTânia$4340$31669502 702 #1 $95$aAlmeida,$fCláudia$4340$31870440 702 #1 $aBraga,$bFilipe$4600$3984696 702 #1 $aLopes,$bAntónio Venda$4600$31380059 801 #0 $aPT$bBN$gRPC 856 41 $uhttp://rnod.bnportugal.gov.pt/ImagesBN/winlibimg.aspx?skey=&doc=2281088&img=220457&save=true 900 ## $aBIBNAC$d20260330 966 ## $lBN$mFGMON$sB.A. 53360 V.$x1 966 ## $lBN$mFGMON$sB.A. 53360 V.-D$x1 971 ## $cabrito$d20260317 972 ## $e0$z0$d20260330$vasantos 973 ## $ctrodrigues$d20260317
|
|
|